000 01580nam a2200481 i 4500
001 2290
003 KOSZ 005
005 20210930090814.0
008 200910s1977 pl a f 001 0 pol
015 _aUWD 1977/9401
035 _a991018585119705066
035 _a(PL-WaBN)b15038099-48omnis_nlop
035 _ab15038099
035 _a(OCoLC)831029685
035 _a(PL)b0000001503809
035 _a(EXLNZ-48OMNIS_NETWORK)9910345104905606
040 _aWA N
_cWA N
_dKOSZ 005/AR
046 _k1977
080 _a546
080 _a(075.8)
100 1 _aSzmytówna, Maria
_d(1903-1986)
_eAutor
245 1 0 _aChemia nieorganiczna :
_bpodręcznik dla studentów farmacji /
_cMaria Szmytówna.
260 _aWarszawa :
_bPaństwowy Zakład Wydawnictw Lekarskich,
_c1977.
300 _a385, [3] strony :
_bilustracje ;
_c25 cm.
336 _aTekst
_btxt
_2rdacontent
337 _aBez urządzenia pośredniczącego
_bn
_2rdamedia
338 _aWolumin
_bnc
_2rdacarrier
380 _aKsiążki
380 _aPublikacje dydaktyczne
380 _aPublikacje naukowe
380 _aPublikacje fachowe
385 _mPoziom nauczania
_aSzkoły wyższe
388 _a1901-2000
388 _a1945-1989
504 _aIndeks.
650 7 _aChemia nieorganiczna
_2DBN
655 7 _aPodręczniki akademickie
_2DBN
658 _aChemia
710 2 _aWydawnictwo Lekarskie PZWL
_4pbl
856 _uhttp://koha.tu.koszalin.pl/cgi-bin/koha/opac-detail.pl?biblionumber=2290
_yKatalog online BPK
942 _2UKD
_cKS
999 _c2290
_d2290